Le classement final de la ligue 1 (saison2023-2024) - Statistiques

Statistiques générales
  • Ce quiz a été pris 169 fois
  • Le résultat moyen est 16 sur 18
Statistiques - réponses
Classement
Nombre
de points
Équipe % Correct
1 76 Paris
99%
3 61 Brest
98%
4 59 Lille
98%
8 50 Marseille
98%
6 53 Lyon
97%
2 67 Monaco
97%
7 51 Lens
94%
14 33 Nantes
94%
10 46 Rennes
94%
5 55 Nice
92%
11 43 Toulouse
91%
16 29 Metz
88%
13 39 Strasbourg
88%
18 25 Clermont
87%
12 41 Montpellier
87%
15 32 Le Havre
83%
17 29 Lorient
83%
9 47 Reims
81%
Aucun quiz correspondant
Distribution des résultats
% des personnes avec chaque résultat
Percentile par nombre de réponses
Votre historique - résultats
Vous n’avez pas pris ce quiz